00429nam a22001097a 4500999001500000082001600015245009500031260007400126300000900200942000700209952010300216 c4586d4586 a615.19bGRO aThe growth of the pharmaceutical industry in developing countries: problems and prospects/ aNew york:bUnited nations industrial development organization,c1978. a47p: cBK 0010708NFICaICbICcGENd2018-06-30l0o615.19 GROp000958r2022-11-17 00:00:00w2018-06-30yBK